Southville International School and Colleges
Your cart is empty.
  • Cart
  • Lists
    Public lists Eva Luna New books Lux_list list_1
    Your lists Log in to create your own lists
  • Log in to your account
  • Your cookies
  • Search history
Southville International School and Colleges
  • Advanced search
  • Recent comments
  • Most popular
  • Libraries

Log in to your account

Log in with GOOGLE


If you do not have an external account, but do have a local account, you can still log in:

  1. Home
  2. MARC view: Regional profiles :
Normal view MARC view ISBD view

Regional profiles : (Record no. 292342)

[ view plain ]
MARC details
000 -LEADER
fixed length control field 00913nam a2200277Ia 4500
008 - FIXED-LENGTH DATA ELEMENTS--GENERAL INFORMATION
fixed length control field 160319s9999 xx 000 0 und d
020 ## - INTERNATIONAL STANDARD BOOK NUMBER
International Standard Book Number 9789715083492
050 ## - LIBRARY OF CONGRESS CALL NUMBER
Classification number Fil 959.9
050 ## - LIBRARY OF CONGRESS CALL NUMBER
Item number R336 2009
245 ## - TITLE STATEMENT
Title Regional profiles :
245 ## - TITLE STATEMENT
Remainder of title people and places /
245 ## - TITLE STATEMENT
Statement of responsibility, etc editors : Emelina S. Almario, Virgilio S. Almario, and Ani Rosa S. Almario.
260 ## - PUBLICATION, DISTRIBUTION, ETC. (IMPRINT)
Place of publication, distribution, etc Quezon City :
260 ## - PUBLICATION, DISTRIBUTION, ETC. (IMPRINT)
Name of publisher, distributor, etc Adarna House Inc.
260 ## - PUBLICATION, DISTRIBUTION, ETC. (IMPRINT)
Date of publication, distribution, etc 2009
300 ## - PHYSICAL DESCRIPTION
Extent 203 pages :
300 ## - PHYSICAL DESCRIPTION
Other physical details illustrations :
300 ## - PHYSICAL DESCRIPTION
Dimensions 30 cm.
500 ## - GENERAL NOTE
General note Includes bibliographical references and index.
650 ## - SUBJECT ADDED ENTRY--TOPICAL TERM
Topical term or geographic name as entry element Philippines -- Description and travel.
650 ## - SUBJECT ADDED ENTRY--TOPICAL TERM
Topical term or geographic name as entry element Philippines -- Economic conditions.
650 ## - SUBJECT ADDED ENTRY--TOPICAL TERM
Topical term or geographic name as entry element Philippines -- Provinces and regions.
700 ## - ADDED ENTRY--PERSONAL NAME
Personal name Almario, Ani Rosa S., added author.
700 ## - ADDED ENTRY--PERSONAL NAME
Personal name Almario, Emelina S., added author.
700 ## - ADDED ENTRY--PERSONAL NAME
Personal name Almario, Virgilio S., 1944-, added author.
Holdings
Withdrawn status Lost status Damaged status Home library Current library Shelving location Date acquired Total Checkouts Full call number Barcode Date last seen Price effective from Koha item type
      Stonyhurst Southville International School (Batangas) Stonyhurst Southville International School (Batangas) Filipiniana Section 03/19/2016   Fil 959.9 R336 2009 LS- 4239 03/19/2016 03/19/2016 Books

Regional profiles :

APA

Almario A. R. S. a. a., Almario E. S. a. a. & Almario V. S. 1. a. a.Regional profiles. Quezon City: .

Chicago

Almario Ani Rosa S added author, Almario Emelina S added author and Almario Virgilio S 1944 added author.Regional profiles. Quezon City: .

Harvard

Almario A. R. S. a. a., Almario E. S. a. a. and Almario V. S. 1. a. a.Regional profiles. Quezon City: .

MLA

Almario Ani Rosa S added author, Almario Emelina S added author and Almario Virgilio S 1944 added author.Quezon City: . .

  • Place hold
  • Print
  • Cite
  • Add to your cart (remove)
  • Save record
    BIBTEX Dublin Core MARCXML MARC (non-Unicode/MARC-8) MARC (Unicode/UTF-8) MARC (Unicode/UTF-8, Standard) MODS (XML) RIS
  • More searches
    Search for this title in:
    Other Libraries (WorldCat) Other Databases (Google Scholar) Online Stores (Bookfinder.com) Open Library (openlibrary.org)

Exporting to Dublin Core...

SOUTHVILLE LIBRARY

Southville International School and Colleges Library

1281 Tropical Ave. Cor. Luxembourg St., BF Homes International, Las Pinas City

Tel. No. 8256374 / 252358 Loc. 117/146

Powered by Koha